| 000 | 00612nam a2200205 a 4500 | ||
|---|---|---|---|
| 001 | 12464 | ||
| 003 | CO-ViMGA | ||
| 008 | 141112s2004 ck r 000 u spa d | ||
| 020 | _a9587060326 | ||
| 040 |
_aCO-ViMGA _bspa _cCO-ViMGA |
||
| 082 | 0 | 4 | _aMEVIECAR.64 I536 |
| 100 | 1 |
_aLlano 7 Días, _917926 |
|
| 245 | 1 | 0 | _aInformática Fácil |
| 260 |
_aBogotá, _ccasa editorial el Tiempo, _c2003 |
||
| 300 | _a263.p. | ||
| 505 | _aEl Computador y sus partes Windows 2000 Internet Excel Powerpoint Cuidados sobre su computador Word 2000 | ||
| 650 | 1 | 4 |
_aCOMPUTACION _99633 |
| 650 | 1 | 4 | _aINFORMATICA |
| 942 |
_2ddc _cBK |
||
| 999 |
_c23461 _d23461 |
||